| 000 | 00000nam##2200000za#4500 |
| 001 | 9.690735 |
| 003 | CaOODSP |
| 005 | 20210624232446 |
| 007 | cr ||||||||||| |
| 008 | 150407|2008||||xxc|||||o f|0| 0 eng|d |
| 020 | |a978-0-662-48002-0 |
| 040 | |aCaOODSP|beng |
| 043 | |an-cn--- |
| 086 | 1 |aHS24-44/2008E-PDF |
| 110 | 1 |aCanada.|bHuman Resources and Social Development Canada. |bLabour Program. |
| 245 | 14|aThe Non-smokers' Health Regulations have been amended and you should know what has changed |h[electronic resource] |
| 260 | |aGatineau - Quebec : |bHuman Resources and Social Development Canada. |cc2008. |
| 300 | |a2p. |
| 500 | |aThe catalogue number (HS24-44/2008) and ISBN (978-0-662-05511-2) for the bilingual print edition have been incorrectly copied in this electronic publication. |
| 590 | |a12-28-Supp|b2012-06-15 |
| 690 | 07|aSmoking|2gcpds |
| 690 | 07|aWorkplace safety|2gcpds |
| 775 | 08|tLe Règlement sur la santé des non-fumeurs a été modifié et vous devez savoir de quelle manière |w(CaOODSP)9.635085 |
| 856 | 40|ahttp://publications.gc.ca|qPDF|s127 KB|uhttps://publications.gc.ca/collections/collection_2012/rhdcc-hrsdc/HS24-44-2008-eng.pdf |
| 986 | |aLT-198-02-08 |